=LDR 00000nam 2200000 4500 =001 INLIS000000000034099 =005 20150122094400.0 =006 =007 =008 ind =035 ##$$0010-061300000034099 =041 ##$$a ind =082 ##$$a 813 =090 ##$$a 813, Hir m =100 ##$$a Hirata, Andrea =245 ##$$a Mimpi-mimpi lintang maryamah karpov, Andrea Hirata;Penyunting, Imam Risdiyanto =260 ##$$a 2008 $b Yogyakarta =300 ##$$a x,504 hlm, Ilus, 21 cm =650 ##$$a Fiksi Indonesai =700 ##$$a Risdiyanto, Imam =850 ##$$a NBPNMAT =990 ##$$a 93315/BPAP-NTB/2014